Programming Microsoft Access 2000 /

Guardado en:
Detalles Bibliográficos
Autor principal: Dobson, Rick, 1944-
Formato: Libro
Lenguaje:English
Publicado: Redmond, Wash : Microsoft Press, 1999.
Materias:
Etiquetas: Agregar Etiqueta
Sin Etiquetas, Sea el primero en etiquetar este registro!
Thư viện lưu trữ: Mạng thư viện Đại học Đà Nẵng
LEADER 00878cam a2200337 i 4500
001 000045499
003 4680
005 20030227162630.0
008 010220|1999 vm 000 eng
020 |a 0735605009 (pbk.) 
040 |a IRC  |c IRC  |d IRC 
041 0 |a eng 
082 1 4 |a 005.7565  |b DO-R 
100 1 |a Dobson, Rick,  |d 1944- 
245 0 0 |a Programming Microsoft Access 2000 /  |c Rick Dobson. 
260 |a Redmond, Wash :  |b Microsoft Press,  |c 1999. 
300 |a xix, 587p. :  |b ill. 
630 0 4 |a Microsoft Access 2000. 
630 0 4 |a Access 2000. 
650 0 4 |a Database management. 
650 0 4 |a Microsoft Access (Computer file) 
OWN |a DUT 
999 |a From the UDN01 
TYP |a Monograph 
TYP |a Printed language 
980 |a Mạng thư viện Đại học Đà Nẵng